Derecho privado europeo.

Saved in:
書目詳細資料
主要作者: Zimmermann, Reinhard (autor)
其他作者: Vaquer Aloy, Antoni (autor)
格式: 圖書
語言:西班牙语
出版: Bogotá, Colombia: Universidad Sergio Arboleda; ASTREA, 2017.
叢編:Derecho Privado Contemporáneo
主題:
標簽: 添加標簽
沒有標簽, 成為第一個標記此記錄!

MARC

LEADER 00000cam a2200000 a 4500
001 UCC1029
003 CL-VaPUC
005 20220822114413.0
008 170922e20170000ck |||||||||||||||||spa|d
999 |c 369625  |d 369623 
020 |a 978-958-8987-24-8 
040 |c Pontificia Universidad Católica de Valparaíso 
082 0 4 |a 340.9 ZIM 2017  |2 21 
100 0 |a Zimmermann, Reinhard  |e autor  |9 595008 
245 1 0 |a Derecho privado europeo.  
260 |a Bogotá, Colombia:  |b Universidad Sergio Arboleda;  |b ASTREA,  |c 2017. 
300 |a 359 páginas.  
490 0 |a Derecho Privado Contemporáneo 
500 |a c.2 Donación Familia Prof. Alejandro Guzmán Brito. 
583 |a last modification  |c 20170922 16:51:00  |k Rodrigo Vera 
650 0 |a Derecho privado europeo  |9 485958 
650 0 |a Derecho europeo  |9 391498 
650 0 |a Derecho internacional privado  |9 256361 
650 0 |a Obligación contractual  |9 481486 
700 |a Vaquer Aloy, Antoni  |e autor  |9 595004 
942 |c BK  |2 ddc  |n 0 
945 |d 20170922 16:51:00  |a dcastane 
952 |0 0  |1 0  |3 erb  |4 0  |6 340_900000000000000_ZIM_2017  |7 0  |8 A  |9 485554  |a BIBDER  |b BIBDER  |i 5425476  |o 340.9 ZIM 2017  |p 5425476  |r 2023-01-25  |w 2019-11-24  |y BK  |z Catalogado en:20170922  |k DER 
952 |0 0  |1 0  |2 ddc  |4 0  |6 340_900000000000000_ZIM_2017  |7 1  |8 C_AGB  |9 580987  |a BIBDER  |b BIBDER  |d 2022-01-31  |e Donación   |i 5643333  |o 340.9 ZIM 2017  |p 5643333  |r 2023-01-25  |t 2  |w 2022-01-31  |y BK_US  |k AGB